LIBRARY & INFORMATION CENTRE, KCAET, TAVANUR

ONLINE PUBLIC ACCESS CATALOGUE (OPAC)

Text book of physics for the pre-degree course, Part-I (Record no. 16206)

MARC details
000 -LEADER
fixed length control field 00247nam a22000977a 4500
003 - CONTROL NUMBER IDENTIFIER
control field OSt
008 - FIXED-LENGTH DATA ELEMENTS--GENERAL INFORMATION
fixed length control field 200623b ||||| |||| 00| 0 eng d
100 ## - MAIN ENTRY--AUTHOR NAME
Personal name C.C Ouseph
245 ## - TITLE STATEMENT
Title Text book of physics for the pre-degree course, Part-I
942 ## - ADDED ENTRY ELEMENTS (KOHA)
Koha item type Books
Holdings
Withdrawn status Lost status Damaged status Home library Current library Date acquired Cost, normal purchase price Accession Number Koha item type
Withdrawn Lost and Paid For   KAUAET KAUAET 23/06/2020 4.50 7348 Books
free website counter